000 00645nam a2200229Ia 4500
001 999
003 GE_BSU
008 181216s||||||||xx |||||||||||||| ||und||
020 _a5769509546
040 _cGE_BSU
080 _a800.005)075.8)
100 _aНиколина,Н.А.
245 _aФилологический Анализ Текста.
245 _bУчебное пособие студ. педагогич. вузов.
260 _aМосква:
260 _bАкадемия
260 _c2003
300 _a254 с.
541 _h10 л.
653 _aФилолггический АнализТекста
942 _cBK
999 _c35157
_d35157